Magic: the Gathering sets from the 2000's - Statistics

General Stats
  • This quiz has been taken 75 times
    74 since last reset
  • The average score is 26 of 39
Answer Stats
Release Date Expansion Symbol Answer % Correct
October 2003 Sword of Kaldra Mirrodin
92%
July 2007 Roman numeral ten Tenth Edition
90%
July 2005 Number nine over three fanned cards Ninth Edition
88%
April 2001 Numeral seven Seventh Edition
85%
October 2004 A torii gate Champions of Kamigawa
81%
July 2003 Number eight over three fanned cards Eighth Edition
81%
October 2005 Gothic-style church tower Ravnica: City of Guilds
81%
February 2005 Shuriken Betrayers of Kamigawa
75%
July 2006 Hanging trio of icicles Coldsnap
75%
February 2006 Seal of the guildpact Guildpact
75%
June 2005 Japanese-style lantern Saviors of Kamigawa
75%
October 2009 A hedron Zendikar
75%
October 2006 Hourglass Time Spiral
73%
November 2004 Horseshoe Unhinged
71%
May 2002 A balancing scale Judgment
69%
April 2010 A hedron opened Rise of the Eldrazi
69%
October 2008 5-part gem Shards of Alara
69%
February 2004 Shield of Kaldra Darksteel
67%
October 2007 Elvish "leaf blade" with serrated edge Lorwyn
67%
May 2008 Crown of the Reaper King Shadowmoor
67%
October 2002 A four-legged "morph" creature Onslaught
65%
April 2009 5-branched gem Alara Reborn
63%
July 2008 Eclipsed sun Eventide
63%
February 2008 Sunrise / ball of flame Morningtide
63%
February 2007 Stylized letters "PC" or a Möbius strip Planar Chaos
63%
June 2001 Mask of Yawgmoth Apocalypse
60%
July 2009 "M10" Magic 2010
60%
July 2010 "M11" Magic 2011
60%
February 2009 5-shard shield Conflux
58%
June 2004 Helm of Kaldra Fifth Dawn
58%
October 2010 Encircled hexplate with smaller hex cut out Scars of Mirrodin
58%
February 2010 A hedron opening Worldwake
56%
May 2007 Eye gazing through a rift portal Future Sight
54%
February 2002 An ouroboros (serpent eating its own tail) Torment
54%
May 2006 Broken seal of the guildpact Dissension
52%
February 2003 Two crossed spears and a shield Legions
52%
February 2001 Swirling portal Planeshift
52%
May 2003 Dragon mask Scourge
52%
October 2001 The Mirari Odyssey
46%
No matching quizzes found
Score Distribution
Percent of People with Each Score
Percentile by Number Answered
Your Score History
You have not taken this quiz since the last reset